Major project inflation service (Record no. 116180)

MARC details
000 -LEADER
fixed length control field 00544cam a2200181 4500
001 - CONTROL NUMBER
control field L160050
008 - FIXED-LENGTH DATA ELEMENTS--GENERAL INFORMATION
fixed length control field 040913n2017 000 0 eng u
035 ## - SYSTEM CONTROL NUMBER
System control number (Sirsi) u160050
041 ## - LANGUAGE CODE
Language code of text/sound track or separate title eng
110 2# - MAIN ENTRY--CORPORATE NAME
Corporate name or jurisdiction name as entry element Royal Institution of Chartered Surveyors
9 (RLIN) 4900
245 00 - TITLE STATEMENT
Title Major project inflation service
Medium [electronic resource]
260 ## - PUBLICATION, DISTRIBUTION, ETC.
Place of publication, distribution, etc. London
Name of publisher, distributor, etc. RICS
Date of publication, distribution, etc. 2017
300 ## - PHYSICAL DESCRIPTION
Extent 2p.
520 ## - SUMMARY, ETC.
Summary, etc. Demonstrates RICS data services: Major Project Inflation Service on a case study.
650 24 - SUBJECT ADDED ENTRY--TOPICAL TERM
Topical term or geographic name entry element ABOUT RICS
651 #4 - SUBJECT ADDED ENTRY--GEOGRAPHIC NAME
Geographic name International
942 ## - ADDED ENTRY ELEMENTS (KOHA)
Suppress in OPAC 0
Holdings
Withdrawn status Lost status Source of classification or shelving scheme Damaged status Not for loan Home library Current library Shelving location Date acquired Total Checkouts Full call number Barcode Date last seen Copy number Price effective from Koha item type
    Dewey Decimal Classification     London London RICS Boxes 04/05/2018   RICS 2017/16 30078607 06/08/2019 1 06/08/2019 Book
    Dewey Decimal Classification     London London Books 04/05/2018   RICS 2017/16 30078606 06/08/2019 2 06/08/2019 Book